000 00354nam a2200121Ia 4500
008 160609s9999 xx 000 0 und d
100 _aAng, Tom.
245 _aDigital Photography: An Introduction (4th Edition)
245 _cBy:Tom Ang
260 _c2012
650 _xDIGITAL PHOTOGRAPHY
856 _uhttp://file.ebook777.com/003/DigPhoAnInt(4tEdi.pdf
999 _c295749
_d295749